Statistics for On This Day (May 14th) Multiple Choice

Click here to take the quiz!

General Stats

  • This quiz has been taken 9 times
  • The average score is 6 of 15

Answer Stats

QuestionAnswer% Correct
1870 – The first game of which sport in New Zealand is played in Nelson ?Rugby
100%
1879 – The first group of 463 Indian indentured laborers arrives aboard the "Leonidas" at which island ?Fiji
63%
1800 – The 6th United States Congress recesses, and the process of moving the U.S. Government to Washington, D.C. from which city begins the following day ?Philadelphia
63%
1973 – The United States' first space station, is launched. What was it called ?Skylab
63%
1969 – Danny Wood, American singer-songwriter, record producer, and choreographer is born today. He is a member of which boy band ?New Kids on the Block
50%
1264 – Henry III of England is captured and forced to sign a settlement, making Simon de Montfort the effective ruler of England, at which battle ?Battle of Lewes
38%
1988 – Carrollton bus collision: A drunk driver traveling the wrong way on which road near Carrollton, Kentucky hits a converted school bus carrying a church youth groupI - 71
38%
1925 – Which of Virginia Woolf's novels is published ?Mrs Dalloway
38%
1951 – Trains run on the Talyllyn Railway in Wales for the first time since preservation, making it the first railway in the world to be what ?Operated by Volunteers
38%
1509 – Battle of Agnadello takes place in Northern Italy, forces from which country defeat the Republic of Venice ?France
25%
1940 – World War II: Which city is bombed by the Luftwaffe of Nazi Germany despite a ceasefire being in place ?Rotterdam
25%
1643 – Following the death of his father,Louis XIII, Louis XIV becomes King of France at what age ?4
13%
1998 – Frank Sinatra, American singer and actor dies in Los Angeles. Amongst other items he was buried with a packet of which brand of cigarettes ?Camel
13%
1977 – A Dan-Air Boeing 707 leased to IAS Cargo Airlines crashes on approach to which International Airport ?Lusaka, Zambia
13%
1939 – Lina Medina becomes the youngest confirmed mother in medical history at what age ?5
0%

Score Distribution

Percentile by Number Answered

Percent of People with Each Score

Your Score History

You have not taken this quiz